Score 0/12 Timer 03:00
16 Plays Today
% Correct
Brazil
98.2%
Chile
97.3%
Argentina
94%
Peru
93.5%
Venezuela
90.3%
Paraguay
89.8%
Colombia
87.9%
Ecuador
85.4%
Uruguay
84.9%
Bolivia
80.7%
Guyana
79.4%
Suriname
75.6%

You're not logged in!

Compare scores with friends on all Sporcle quizzes.
OR
Log In

Sporcle TV

Today on Sporcle TV


Watch our educational content, quiz creation guides, and fun videos on Sporcle TV.

Show Comments

Extras

Top Quizzes Today


Score Distribution

Your Account Isn't Verified!

In order to create a playlist on Sporcle, you need to verify the email address you used during registration. Go to your Sporcle Settings to finish the process.

Report this User

Report this user for behavior that violates our Community Guidelines.

Details: